The Anthropology of development and globalization: from classical political economy to contemporary neoliberalism /

Gespeichert in:
Bibliographische Detailangaben
1. Verfasser: Edelman, Marc
Weitere Verfasser: ed Haugerud, Angelique ed
Format: Text
Veröffentlicht: Oxford: Blackwell Publishing
Schlagworte:
Tags: Tag hinzufügen
Keine Tags, Fügen Sie den ersten Tag hinzu!

MARC

LEADER 00000 a a2200000 04500
001 33375
003
040
090 |a 0004 E217a  
100 |a Edelman, Marc  
245 |a The Anthropology of development and globalization: from classical political economy to contemporary neoliberalism /  |c Marc Edelman 
260 |a Oxford:   |b Blackwell Publishing  
300 |a 406 p.  
650 |a ANTROPOLOGIA  
650 |a POBREZA  
650 |a DISEÑO DE PROYECTOS  
650 |a CULTURA  
650 |a ETICA  
650 |a ORGANIZACIONES NO GUBERNAMENTALES  
700 |a ed   |a Haugerud, Angelique   |a ed  
999 |c 8247  |d 8247